全球大学自然指数排名2024 Nature Index Rank - Statistics

General Stats
  • This quiz has been taken 29 times
  • The average score is 53 of 100
Answer Stats
排名 大学 % Correct
6 清华大学
100%
8 上海交通大学
100%
14 牛津大学
100%
21 剑桥大学
100%
4 北京大学
96%
18 东京大学
96%
1 哈佛大学
92%
3 浙江大学
92%
9 复旦大学
92%
41 天津大学
92%
10 中山大学
88%
11 四川大学
88%
22 武汉大学
88%
27 厦门大学
88%
36 同济大学
88%
58 北京理工大学
88%
7 南京大学
83%
15 华中科技大学
83%
17 南开大学
83%
40 华南理工大学
83%
43 西北大学(美国)
83%
46 哈尔滨工业大学
83%
13 麻省理工学院
79%
19 山东大学
79%
32 西安交通大学
79%
67 南洋理工大学
79%
72 重庆大学
79%
78 香港大学
79%
94 北京航空航天大学
79%
2 中国科学技术大学
75%
47 首尔大学
75%
53 帝国理工学院
75%
59 大连理工大学
75%
69 北京师范大学
75%
42 中南大学
71%
70 纽约大学
71%
84 西北工业大学
71%
26 耶鲁大学
67%
31 加州大学伯克利分校
67%
61 东南大学
67%
39 哥伦比亚大学
63%
55 兰州大学
63%
12 斯坦福大学
58%
16 吉林大学
58%
25 苏州大学
58%
37 新加坡国立大学
58%
45 湖南大学
58%
77 华东师范大学
58%
81 慕尼黑大学
58%
86 香港科技大学
58%
28 宾夕法尼亚大学
54%
30 加州大学洛杉矶分校
54%
50 京都大学
54%
62 伦敦大学学院
54%
5 中国科学院大学
50%
33 华盛顿大学
50%
38 康奈尔大学
50%
24 苏黎世联邦理工学院
42%
29 多伦多大学
42%
44 芝加哥大学
42%
51 郑州大学
42%
52 加州理工学院
42%
23 南方科技大学
38%
57 深圳大学
38%
64 香港城市大学
33%
68 伊利诺伊大学厄巴纳-香槟分校
33%
92 大阪大学
33%
35 约翰斯·霍普金斯大学
29%
63 杜克大学
29%
80 慕尼黑工业大学
29%
83 华东理工大学
29%
87 福州大学
29%
99 加州大学圣巴巴拉分校
29%
20 密歇根大学
25%
34 加州大学圣迭戈分校
25%
48 普林斯顿大学
25%
76 韩国科学技术高等研究院
25%
82 匹兹堡大学
25%
88 南加州大学
25%
54 加州大学旧金山分校
21%
71 哥本哈根大学
21%
74 麦吉尔大学
21%
85 俄亥俄州立大学
21%
60 威斯康星大学
17%
66 洛桑联邦理工学院
17%
75 北京化工大学
17%
93 东华大学
17%
95 不列颠哥伦比亚大学
17%
65 明尼苏达大学
13%
73 宾夕法尼亚州立大学
13%
90 普渡大学
13%
91 加州大学尔湾分校
13%
96 蒙纳士大学
13%
97 范德比尔特大学
13%
49 圣路易斯华盛顿大学
8%
56 得州大学奥斯汀分校
8%
79 北卡罗来纳大学教堂山分校
8%
98 卡尔斯鲁厄理工学院
8%
89 科罗拉多大学博尔德分校
4%
100 卡罗林斯卡学院
0%
No matching quizzes found
Score Distribution
Percent of People with Each Score
Percentile by Number Answered
Your Score History
You have not taken this quiz